مكتبة جامعة عجلون الوطنية

فهرس بحث المكتبة

Normal view MARC view
  • تحرير البزاز، حسن عبداللطيف

Entry Personal Name

Number of records used in: 1

001 - CONTROL NUMBER

  • control field: 50359

003 - CONTROL NUMBER IDENTIFIER

  • control field: JO-AjAnu

005 - DATE AND TIME OF LATEST TRANSACTION

  • control field: 20230606082307.0

008 - FIXED-LENGTH DATA ELEMENTS

  • fixed length control field: 230606|| aca||aabn | a|a d

040 ## - CATALOGING SOURCE

  • Original cataloging agency: JO-AjAnu
  • Transcribing agency: JO-AjAnu

100 ## - HEADING--PERSONAL NAME

  • Personal name: تحرير البزاز، حسن عبداللطيف

670 ## - SOURCE DATA FOUND

  • Source citation: Work cat.: (JO-AjAnu)25746: تحرير البزاز، حسن عبداللطيف, author, الخيارات الأمريكية المقبلة في العراق : Future American Alternatives In Iraq Future American Alternatives In Iraq